Central Library OPAC University of Rajshahi

The market system / (Record no. 44388)

MARC details
000 -LEADER
fixed length control field 00895nam a2200301 a 4500
001 - CONTROL NUMBER
control field 44388
003 - CONTROL NUMBER IDENTIFIER
rucl marc code BD-RjUL
005 - DATE AND TIME OF LATEST TRANSACTION
control field 20211209053840.0
008 - FIXED-LENGTH DATA ELEMENTS--GENERAL INFORMATION
fixed length control field 1607-1s1970 nyua b 001 0 eng
020 ## - INTERNATIONAL STANDARD BOOK NUMBER
International Standard Book Number 0471361852
035 ## - SYSTEM CONTROL NUMBER
System control number (BD-RjUL)44506
040 ## - CATALOGING SOURCE
Original cataloging agency DLC
Transcribing agency DLC
Modifying agency DLC
-- BD-RjUL
Language of cataloging eng
041 ## - LANGUAGE CODE
Language code of text/sound track or separate title eng
082 00 - DEWEY DECIMAL CLASSIFICATION NUMBER
Classification number 338.5
Edition number 19
Author mark and year HAM 1970
100 1# - MAIN ENTRY--PERSONAL NAME
Personal name Haveman, Robert H.
9 (RLIN) 136243
245 14 - TITLE STATEMENT
Title The market system /
Statement of responsibility, etc. [by] Robert H. Haveman [and] Kenyon A. Knopf.
250 ## - EDITION STATEMENT
Edition statement 2d ed.
260 ## - PUBLICATION, DISTRIBUTION, ETC. (IMPRINT)
Place of publication, distribution, etc. New York :
Name of publisher, distributor, etc. Wiley,
Date of publication, distribution, etc. 1970.
300 ## - PHYSICAL DESCRIPTION
Pagination xvii, 269 p.
Illustrations ill.
Size 22 cm.
490 0# - SERIES STATEMENT
Series statement Introduction to economics series
504 ## - BIBLIOGRAPHY, ETC. NOTE
Bibliography, etc Includes bibliographical references.
650 #0 - SUBJECT ADDED ENTRY--TOPICAL TERM
Topical term or geographic name as entry element Prices.
9 (RLIN) 136244
Topical term or geographic name as entry element Competition.
9 (RLIN) 130673
Topical term or geographic name as entry element Supply and demand.
9 (RLIN) 136245
700 1# - ADDED ENTRY--PERSONAL NAME
Personal name Knopf, Kenyon A.,
Relator term joint author.
942 ## - ADDED ENTRY ELEMENTS (KOHA)
Source of classification or shelving scheme Dewey Decimal Classification
Koha item type Books
Holdings
Lost status Source of classification or shelving scheme Damaged status Not for loan Collection code Permanent Location Current Location Shelving location Date acquired Source of acquisition Total Checkouts Full call number Date last seen Copy number Koha item type
  Dewey Decimal Classification     Non-fiction Central Library, University of Rajshahi Central Library, University of Rajshahi   12/08/1991 Canada   338.5 HAM 1970 17/07/2016 C-2 Books